000 00506cam a2200169 4500500
005 20260405001353.0
041 _afre
042 _adc
100 1 0 _aDuru, Martin
_eauthor
245 0 0 _aUn concept, un philosophe
260 _c2012.
500 _a82
690 _aAmour-propre
690 _aConcepts
786 0 _nPhilosophie magazine | 64 | 11 | 2012-11-01 | p. 41-41 | 1951-1787
856 4 1 _uhttps://shs.cairn.info/magazine-philosophie-magazine-2012-11-page-41?lang=fr&redirect-ssocas=7080
999 _c2046920
_d2046920